Responses for Show #3542 - Tuesday, January 18, 2000

Contestants

[<< previous game]

Jeff Melcher, a logistics manager from Grand Prairie, Texas

Debbie Mamber, a financial consultant from Bayside, New York

Kara McDermott, an Internet content editor from Newton, Massachusetts (whose 1-day cash winnings total $3,999)

[next game >>]

Jeopardy! Round responses

HISTORIC PEOPLE
IF THEY WERE MUSICALS...
ROCK MY WORLD
"BELL"ISSIMO!
READERS
(Alex: A whole category about audiobooks.)
DIGESTION
    $100 11
Marie Curie

Kara
    $100 1
"Hedda Gabler"

Jeff
    $100 12
Germany

Debbie
    $100 21
Bellylaugh

Jeff
    $100 2
Brad Pitt

Kara
    $100 26
Acid

Jeff
    $200 13
Nero

Jeff
    $200 3
"Animal Farm"

Jeff
    $200 15
Nelson Mandela

Debbie
    $200 22
Bell ringer

Jeff
    $200 6
Christopher Reeve

Kara
    $200 30
Alimentary canal

Jeff
    $300 14
Archimedes

Kara
    $300 4
George Bernard Shaw ("Mrs. Warren's Profession")

Triple Stumper
    $300 18
Thugmuffin C

Kara
    $300 23
(with a minute to go...)

Bellhop/bellman

Debbie
    $300 7
FDR (Franklin D. Roosevelt)

Debbie
    $300 29
(J: What is gall?)

Fat

Jeff
Triple Stumper
    $400 16
Amerigo Vespucci

Debbie
    $400 5
"Jude the Obscure"

Kara
    $500 19
(K: Who is Mick Jagger?)

Jimi Hendrix

Kara
    $400 24
"For Whom the Bell Tolls"

Kara
    $400 9
Robert Evans

Triple Stumper
    $400 27
Gizzard

Jeff
    $500 17
Georges Clemenceau

Triple Stumper
    $500 8
The Partridge Family

Kara
    $500 20
Eddy Grant

Kara
    $500 25
Bellicose

Jeff
    $500 10
Dick Francis

Debbie
    $500 28
Saliva

Triple Stumper

Scores at the first commercial break (after clue 15):

Kara Debbie Jeff
$1,600 $1,100 $500

Scores at the end of the Jeopardy! Round:

Kara Debbie Jeff
$2,300 $1,800 $1,700

Double Jeopardy! Round responses

NATIONAL MEMORIALS
WHAT'S UP, DOC?
SPARTA
YOUR FILM DAYS ARE NUMBERED
PSYCH 102
AUTHORS' RHYME TIME
    $200 10
Abraham Lincoln

Debbie
    $200 9
William Mayo

Debbie
    $200 24
Secret police

Jeff
    $200 19
Die Hard 2

Kara
    $200 6
Dreams

Jeff
    $200 1
Bellow's cellos

Jeff
    $400 11
(J: What is Jonestown?)
(D: What is Allentown?)

Johnstown

DebbieJeff
Triple Stumper
    $400 15
Edward Jenner

Jeff
    $400 25
(J: What are walls?)

Coins

Jeff
Triple Stumper
    $400 20
The Sixth Sense

Kara
    $400 7
(D: What is the id?)
(J: What is the ego?)

Libido

DebbieJeff
Triple Stumper
    $400 2
Nin's fins

Debbie
    $600 12
Francisco de Coronado

Triple Stumper
    $600 16
Franz Mesmer

Debbie
    $600 21
(Jeff: What is The 7th Monkey?)
(Kara: What is The Fifth Element?)
...
(Alex: A minute to go.)

12 Monkeys

KaraDebbieJeff
    $600 8
Repression

Triple Stumper
    $600 3
Charlotte's harlots

Triple Stumper
    $800 13
(D: They're going to kill me, but I have no idea!)

Federal Hall

Debbie
    $800 17
(J: Who is Jarvik?)

Michael DeBakey

Jeff
Triple Stumper
    $800 22
The Fifth Element

Kara
    $800 26
(buzzer sounds)

Punch-drunk

Jeff
    $800 4
Herman's Germans

Kara
    $1000 14
(K: Who is Nelson?)

Oliver Hazard Perry

Kara
Triple Stumper
    $1000 18
Paul Ehrlich

Triple Stumper
    $1000 23
The First Deadly Sin

Triple Stumper
    $1000 5
Eric's derricks

Jeff

Scores at the end of the Double Jeopardy! Round:

Kara Debbie Jeff
$2,900 $2,200 $1,900

[wagering suggestions for these scores]

Final Jeopardy! Round responses

IN THE NEWS
JeffWhat is six billion?
$1,899
DebbieWhat is 6 Billion?
$1,800
KaraWhat is 6 billion?
$1,501
6 billion

Final scores:

Kara Debbie Jeff
$4,401 $4,000 $3,799
2-day champion: $8,400 2nd place: Zenith 36" Stereo TV & Cambridge Soundworks Home Theatre System 3rd place: Siemens Gigaset 2420 Phone

Game dynamics:

Coryat scores:

Kara Debbie Jeff
$3,400 $3,000 $1,900
13 R,
3 W
(including 1 DD)
11 R,
3 W
(including 1 DD)
15 R,
6 W

Combined Coryat: $8,300

[game clues] [game scores] [suggest correction]

Game tape date: 1999-11-10
The J! Archive is created by fans, for fans. Scraping, republication, monetization, and malicious use prohibited; this site may use cookies and collect identifying information. See terms. The Jeopardy! game show and all elements thereof, including but not limited to copyright and trademark thereto, are the property of Jeopardy Productions, Inc. and are protected under law. This website is not affiliated with, sponsored by, or operated by Jeopardy Productions, Inc. Join the discussion at JBoard.tv.